Phân lập những dòng vi khuẩn nội sinh trong cây khóm trồng ở huyện Vĩnh Thuận tỉnh Kiên Giang Chuyên ngành Công nghệ sinh học

Đề tài phân lập những dòng vi khuẩn nội sinh trong rễ, thân, lá, cuống, trái của cây khóm trồng ở huyện Vĩnh Thuận, tỉnh Kiên Giang; Xác định nhóm vi khuẩn này bằng phương pháp sinh học phân tử, chọn lọc các dòng vi khuẩn có lợi hướng tớ...

ver descrição completa

Na minha lista:
Detalhes bibliográficos
Autor principal: Nguyễn Thành Dũng
Formato: Livro
Idioma:Undetermined
Publicado em: Cần Thơ Trường Đại học Cần Thơ 2009
Assuntos:
Tags: Adicionar Tag
Sem tags, seja o primeiro a adicionar uma tag!
Thư viện lưu trữ: Trung tâm Học liệu Trường Đại học Cần Thơ
LEADER 01397nam a2200229Ia 4500
001 CTU_154163
008 210402s9999 xx 000 0 und d
082 |a 660.62 
082 |b D513 
088 |a 60420201 
100 |a Nguyễn Thành Dũng 
245 0 |a Phân lập những dòng vi khuẩn nội sinh trong cây khóm trồng ở huyện Vĩnh Thuận tỉnh Kiên Giang 
245 0 |b Chuyên ngành Công nghệ sinh học 
245 0 |c Nguyễn Thành Dũng; Lê Văn Bé, Cao Ngọc Điệp (Hướng dẫn khoa học) 
260 |a Cần Thơ 
260 |b Trường Đại học Cần Thơ 
260 |c 2009 
520 |a Đề tài phân lập những dòng vi khuẩn nội sinh trong rễ, thân, lá, cuống, trái của cây khóm trồng ở huyện Vĩnh Thuận, tỉnh Kiên Giang; Xác định nhóm vi khuẩn này bằng phương pháp sinh học phân tử, chọn lọc các dòng vi khuẩn có lợi hướng tới việc sản xuất phân sinh học bón cho các cây trồng. 
650 |a Bacteria,Microbiological techniques,Nitrogen-fixing microorganisms,Vi khuẩn 
650 |x Isolation & purification,Sự phân lập và sự lọc sạch 
904 |i Năm 
980 |a Trung tâm Học liệu Trường Đại học Cần Thơ